Quiz sur Auxerre - Statistiques

Statistiques générales
  • Ce quiz a été pris 254 fois
  • Le résultat moyen est 18 sur 37
Statistiques - réponses
Hint Réponse % Correct
Numéro du département 89
98%
Club de foot AJA
98%
Rivière qui traverse la ville Yonne
96%
Nom de la région Bourgogne Franche Comté
93%
Nom de l'entraineur mythique de ce club Guy Roux
91%
Nom du stade Stade de l'Abbé Deschamps
90%
Population municipale (à 4000 près) 34000
75%
Plus grand parc Parc de l'Arbre sec
67%
Gentilé Auxerrois
63%
Communes limitrophes Monéteau
62%
Nom du journal départemental dont le siège est à Auxerre L'Yonne Républicaine
61%
Nom de la tour proche de la mairie Tour de l'Horloge
60%
Noms des lycées principaux Lycée Jacques Amyot
59%
Nom de l'abbaye Abbaye Saint Germain
57%
Nom de la salle de concert Le Silex
57%
Nom du festival gratuit ayant lieu dans ce parc depuis 2012 Catalpa Festival
56%
Noms des lycées principaux Lycée Joseph Fourier
54%
Nom du centre commercal Fontaine des Clairions
52%
Nom de la gare Auxerre Saint-Gervais
51%
Communes limitrophes Saint-Georges-sur-Baulche
51%
Nom de la cathédrale Saint Etienne
47%
Communes limitrophes Perrigny
43%
Nom du réseau de transport de bus Léo
36%
Communes limitrophes Augy
29%
Communes limitrophes Champs-Sur-Yonne
28%
Communes limitrophes Chevannes
24%
Maire actuel Crescent Marault
23%
Communes limitrophes Venoy
23%
Nom du festival gratuit ayant lieu dans les bars du centre-ville Festival Garçon, la Note
22%
Ancien maire, également ministre de Giscard et Mitterand Jean-Pierre Soisson
21%
Communes limitrophes Vallan
20%
Communes limitrophes Villefargeau
16%
Nom du vignoble au centre de la ville Clos de la Chainette
13%
Communes limitrophes Escolives-Sainte-Camille
12%
Communes limitrophes Jussy
12%
Communes limitrophes Quenne
12%
Communes limitrophes Villeneuve-Saint-Salves
6%
Aucun quiz correspondant
Distribution des résultats
% des personnes avec chaque résultat
Percentile par nombre de réponses
Votre historique - résultats
Vous n’avez pas pris ce quiz